| 000 -LEADER |
| fixed length control field |
00878pab a2200157 454500 |
| 008 - FIXED-LENGTH DATA ELEMENTS--GENERAL INFORMATION |
| fixed length control field |
180718b2000 xxu||||| |||| 00| 0 eng d |
| 100 ## - MAIN ENTRY--PERSONAL NAME |
| Personal name |
Ravallion, Martin |
| 245 ## - TITLE STATEMENT |
| Title |
Should poverty measures be anchored to the national accounts? |
| 260 ## - PUBLICATION, DISTRIBUTION, ETC. |
| Date of publication, distribution, etc. |
2000 |
| 300 ## - PHYSICAL DESCRIPTION |
| Extent |
p.3245-252 |
| 362 ## - DATES OF PUBLICATION AND/OR SEQUENTIAL DESIGNATION |
| Dates of publication and/or sequential designation |
26 Aug and 2 Sep |
| 520 ## - SUMMARY, ETC. |
| Summary, etc. |
If one replaces average consumption from India's National Sample Surveys with private consumption per capita from the National Accounts, while retaining the survey-based distributions, then one finds a faster rate of poverty reduction in the 1990s. However, the case made for this method of measuring poverty is questionable on many counts. There do appear to be problems in the poverty data for India in the 1990s, but this step is unlikely to solve them. - Reproduced |
| 650 ## - SUBJECT ADDED ENTRY--TOPICAL TERM |
| Topical term or geographic name entry element |
Poverty |
| 773 ## - HOST ITEM ENTRY |
| Main entry heading |
Economic and Political Weekly |
| 909 ## - |
| -- |
46143 |